000 00477nam a2200169Ia 4500
008 240729s9999 xx 000 0 und d
022 _a2813-6799
245 0 _aFrontiers in Energy Efficiency
260 _aSwitzerland
260 _bFrontiers Media S.A.
650 _a Energy conservation
650 _a Mechanical engineering and machinery
650 _aTechnology
856 _uhttps://doaj.org/toc/e5f75841883d47f5ab0b94514adcd8ff
942 _2ddc
942 _cDOAJEJ
999 _c74757
_d74757
945 _a1
_bMadushi Gamage
_c1
_dMadushi Gamage